[Event "Budapest FS12 IM"]
[Site "Budapest"]
[Date "1994.??.??"]
[Round "8"]
[White "Kappler, Jean Marie"]
[Black "Ciric, Dragoljub M"]
[Result "1/2-1/2"]
[WhiteElo "2295"]
[BlackElo "2365"]

1.d4 Nf6 2.Bg5 e6 3.e4 h6 4.Bxf6 Qxf6 5.Nc3 d6 6.Qd2 g5 7.O-O-O Bg7 8.e5 dxe5
9.dxe5 Qe7 10.f4 gxf4 11.Nf3 Nc6 12.Qxf4 Bd7 13.Ne4 O-O-O 14.a3 Nb8 15.Bc4 Bc6
16.Rde1 Nd7 17.Rhf1 Rhf8 18.Ned2 Nb6 19.Nd4 Bd5 20.Bxd5 Rxd5 21.c4 Rd7 22.N4b3 f5
23.Qf2 Rd3 24.c5 Na4 25.c6 Kb8 26.Qf4 Nb6 27.cxb7 Rfd8 28.Rf3 R3d5 29.Rc3 c5
30.Nc4 Qc7 31.Kb1 Nxc4 32.Qxc4 Bxe5 33.Nxc5 Rxc5 34.Qxc5 Bxc3 35.Qxc3 Qxc3
36.bxc3 Rd6 37.Re5 Kxb7 38.Kc2 Kc7 39.g3 Kd7 40.Rb5 Rb6 41.Rb4 e5 42.Rh4 e4
43.Rf4 Ke6 44.g4 fxg4 45.Rxe4+ Kf5 46.Ra4 a6 47.Ra5+ Kg6 48.Re5 h5 49.c4 Rf6
50.Kd3 Rf3+ 51.Re3 Rxe3+ 52.Kxe3 Kf5 53.c5 h4 54.c6 Ke6 55.Ke4 g3 56.hxg3 hxg3
57.Kf3 Kd6  1/2-1/2

[Event "Cannes op"]
[Site "Cannes"]
[Date "1994.??.??"]
[Round "1"]
[White "Lukasiewicz, Grzegorz"]
[Black "Horvath, Jozsef"]
[Result "1-0"]
[WhiteElo "2365"]
[BlackElo "2515"]

1.d4 Nf6 2.Bg5 e6 3.e4 h6 4.Bxf6 Qxf6 5.Nc3 d6 6.Qd2 Nc6 7.O-O-O a6 8.f4 g5
9.g3 Bg7 10.e5 Qe7 11.Bg2 dxe5 12.fxe5 f5 13.exf6 Bxf6 14.Nge2 O-O 15.Ne4 Bg7
16.c3 Bd7 17.h4 g4 18.Nf4 Be8 19.h5 e5 20.Nd5 Qd8 21.dxe5 Nxe5 22.Qe2 Bd7
23.Qe3 b6 24.Rhf1 Rxf1 25.Rxf1 Bb5 26.Nf4  1-0

[Event "Catania op"]
[Site "Cattolica"]
[Date "1994.??.??"]
[Round "5"]
[White "Rausis, Igors"]
[Black "D'Amore, Carlo"]
[Result "1/2-1/2"]
[WhiteElo "2485"]
[BlackElo "2420"]

1.d4 Nf6 2.Bg5 e6 3.e4 h6 4.Bxf6 Qxf6 5.Nc3 Bb4 6.a3 Bxc3+ 7.bxc3 d6 8.Bd3 e5
9.Ne2 O-O 10.O-O c5 11.f4 exd4 12.cxd4 cxd4 13.Qe1 Nd7 14.Qf2 Nc5 15.Qxd4 Qxd4+
16.Nxd4 Bd7 17.Rab1 b6 18.Rfe1 Rfe8 19.Nb3 Rac8 20.Nxc5 Rxc5 21.Rb4 d5 22.Kf2 dxe4
23.Rexe4 Rxe4 24.Rxe4 Kf8 25.Rc4 Rxc4 26.Bxc4 Ke7 27.Ke3 Be6 28.Kd4 Kd6 29.Bb3 f6
30.Ba4 Bd5 31.g3 g5 32.Bb5 gxf4 33.gxf4 Bf3 34.Bd3 Bc6 35.Be4 Ba4 36.c3 Bb3
37.Bb7 Bd1 38.Ba8 Bc2 39.Bf3 Bb3 40.Bg4 Bd5 41.Bf5 Bb3 42.Be4  1/2-1/2

[Event "Chicago op2"]
[Site "Chicago"]
[Date "1994.??.??"]
[Round "4"]
[White "Levin, David"]
[Black "Umezinwa, George"]
[Result "0-1"]
[WhiteElo "2285"]
[BlackElo "2300"]

1.d4 Nf6 2.Bg5 e6 3.e4 h6 4.Bxf6 Qxf6 5.Nf3 c5 6.c3 cxd4 7.cxd4 Bb4+ 8.Nc3 Nc6
9.a3 Bf8 10.e5 Qd8 11.Bd3 d6 12.Qe2 dxe5 13.dxe5 Be7 14.O-O a6 15.Rfd1 Qc7
16.Rac1 Bd7 17.Ne4 Rd8 18.Nc5 Qb6 19.b4 Bc8 20.Qe4 Rd5 21.Na4 Qd8 22.Nc3 Rd7
23.Bxa6 Nxb4 24.Rxd7 Qxd7 25.Bb5 Nc6 26.Nd4 O-O 27.Nxc6 bxc6 28.Bxc6 Qd2
29.Rc2 Qd8 30.a4 Qb6 31.Nb5 Rd8 32.g3 Ba6 33.Kg2 Rc8 34.f3 Bc5 35.Bd7 Bb7
36.Qe2 Rd8 37.Qc4 Rxd7 38.Qxc5 Rd2+ 39.Kg1 Qxc5+ 40.Rxc5 Bxf3 41.a5 Rg2+
42.Kf1 Rxh2 43.a6 Ra2 44.Nd6 Be2+ 45.Kg1 Bxa6 46.Rc7 Ra1+ 47.Kg2 Rf1 48.Ra7 Bd3
49.Ra3 Rd1 50.Ra8+ Kh7 51.Ra7 Bg6 52.Rc7 Rd5 53.Nc4 Bd3 54.Nd6 Rxe5 55.Rxf7 Bb5
56.Re7 Bc6+ 57.Kf2 Kg6 58.g4 Rg5 59.Ne8 Rxg4 60.Rxg7+ Kf5 61.Rf7+ Ke5 62.Rh7 Rg2+
63.Ke3 Rg6 64.Rf7 Bd5 65.Ng7 Rf6 66.Re7 Rf1 67.Re8 Rf3+ 68.Ke2 Rf7 69.Rg8 h5
70.Ke3 h4 71.Ne8 Rf3+ 72.Ke2 Rg3 73.Rh8 h3 74.Rh5+ Kf4 75.Nf6 Bf3+  0-1

[Event "Elenite-B"]
[Site "Elenite"]
[Date "1994.??.??"]
[Round "1"]
[White "Shereshevski, Mikhail"]
[Black "Kolev, Atanas"]
[Result "1/2-1/2"]
[WhiteElo "2470"]
[BlackElo "2495"]

1.d4 Nf6 2.Bg5 e6 3.e4 h6 4.Bxf6 Qxf6 5.Nc3 d6 6.Qd2 g5 7.h4 Bg7 8.hxg5 hxg5
9.Rxh8+ Bxh8 10.O-O-O Nc6 11.Bb5 Bd7 12.Nge2 O-O-O 13.Qe3 Kb8 14.f3 Bg7 15.g4 Rh8
16.Ng3 Qf4 17.Qxf4 gxf4 18.Bxc6 fxg3 19.Bxd7 Bh6+ 20.Kb1 Be3 21.Ne2 g2 22.Ba4 Bxd4
23.c3 Be3 24.Kc2  1/2-1/2

[Event "Finkenstein op"]
[Site "Finkenstein"]
[Date "1994.??.??"]
[Round "?"]
[White "Schell, John"]
[Black "Kiss, Laszlo"]
[Result "0-1"]
[WhiteElo "2000"]
[BlackElo "2280"]

1.d4 Nf6 2.Bg5 e6 3.e4 h6 4.Bxf6 Qxf6 5.Nf3 d5 6.Nbd2 dxe4 7.Nxe4 Qd8 8.Qd2 Be7
9.h4 b6 10.Bb5+ c6 11.Bd3 Bb7 12.Qf4 Nd7 13.O-O-O Qb8 14.Qxb8+ Rxb8 15.Ne5 Rd8
16.c3 O-O 17.f4 c5 18.Nf3 cxd4 19.Nxd4 Nf6 20.Nxf6+ Bxf6 21.Nf3 h5 22.Rhf1 g6
23.g3 Rd5 24.Be2 Rfd8 25.Rxd5 Rxd5 26.Rd1 Kg7 27.Rxd5 Bxd5 28.a3 Bxf3 29.Bxf3 e5
30.fxe5 Bxe5 31.g4 hxg4 32.Bxg4 f5 33.Bf3 Bg3 34.c4 Bxh4 35.b4 g5 36.c5 bxc5
37.bxc5 g4 38.Bd5 Be7 39.c6 Bxa3+ 40.Kd2 Bd6  0-1

[Event "Finkenstein op"]
[Site "Finkenstein"]
[Date "1994.??.??"]
[Round "?"]
[White "Schell, John"]
[Black "Wiedermann, Franz"]
[Result "1-0"]
[WhiteElo "2000"]
[BlackElo "2155"]

1.d4 Nf6 2.Bg5 e6 3.Nf3 c5 4.e3 h6 5.Bh4 Qb6 6.Qc1 Nc6 7.c3 d5 8.Nbd2 Bd7
9.Be2 Rc8 10.Qb1 Be7 11.O-O g5 12.Bg3 Nh5 13.Be5 Nxe5 14.Nxe5 Nf6 15.a4 a5
16.f4 cxd4 17.exd4 Bc6 18.f5 Rg8 19.fxe6 fxe6 20.Bh5+ Kd8 21.Bf7 Rg7 22.Bxe6 Rc7
23.Nf7+  1-0

[Event "FIN-ch (Women)"]
[Site "Finland"]
[Date "1994.??.??"]
[Round "?"]
[White "Koskela, Niina"]
[Black "Paasikangas, Johanna"]
[Result "1/2-1/2"]
[WhiteElo "2175"]
[BlackElo "2155"]

1.d4 Nf6 2.Bg5 e6 3.e4 Be7 4.e5 Nd5 5.Bxe7 Qxe7 6.c4 Nf4 7.Qd2 Ng6 8.Nc3 O-O
9.f4 d6 10.Nf3 c5 11.exd6 Qxd6 12.Ne4 Qc7 13.Nxc5 Nxf4 14.Ne5 b6 15.Ne4 Ng6
16.Nxg6 hxg6 17.O-O-O Bb7 18.Ng5 Nd7 19.Be2 b5 20.h4 Bxg2 21.Rhg1 Bb7 22.h5 Qh2
23.c5 Rac8 24.Bxb5 Qxd2+ 25.Kxd2 Nxc5 26.dxc5 Rxc5 27.Be2 gxh5 28.Bxh5 Rd8+
29.Ke1 Re5+ 30.Be2 Rc8 31.Nxf7 Kxf7 32.Rd7+ Ke8 33.Rxb7 Rc1+ 34.Kf2 Rxg1
35.Bh5+ Rxh5 36.Kxg1 Ra5 37.a3 g5 38.Kf2 a6 39.Ra7 Rf5+ 40.Kg3 a5 41.Kg4 Rb5
42.b4 axb4 43.axb4 Kf8 44.Rc7 Rf5 45.Rb7 Re5 46.Ra7 Ke8 47.Rb7 Re1 48.Kxg5 e5
49.Kf5 e4 50.Kf4 e3 51.Kf3 Kd8 52.Rb5 Kc7  1/2-1/2

[Event "FRA-chT "]
[Site "FRA"]
[Date "1994.??.??"]
[Round "8"]
[White "Sharif, Mershad"]
[Black "Eliet, Nicolas"]
[Result "1-0"]
[WhiteElo "2455"]
[BlackElo "2285"]

1.d4 Nf6 2.Bg5 e6 3.e4 h6 4.Bxf6 Qxf6 5.Nc3 d6 6.Qd2 Nd7 7.O-O-O e5 8.Nd5 Qd8
9.Qa5 c6 10.Nc7+ Ke7 11.dxe5 Nxe5 12.f4 Ng6 13.e5 Kd7 14.exd6 Bxd6 15.f5 Ne7
16.Nf3 Qxc7 17.Qe5 Re8 18.Qxg7 Nd5 19.Rxd5 cxd5 20.Bb5+ Kd8 21.Bxe8 Kxe8
22.Re1+ Kd7 23.Nd4  1-0

[Event "Hessenliga"]
[Site "Germany"]
[Date "1994.??.??"]
[Round "?"]
[White "Ramlow, Marcus"]
[Black "Lex, Christoph"]
[Result "0-1"]
[WhiteElo "2150"]
[BlackElo "2245"]

1.d4 Nf6 2.Bg5 e6 3.Nf3 h6 4.Bh4 c5 5.c3 cxd4 6.Nxd4 Be7 7.Nd2 d5 8.N2f3 Nbd7
9.e3 O-O 10.Rg1 Ne4 11.Bxe7 Qxe7 12.g4 Nb6 13.Qc2 f5 14.Bd3 fxg4 15.Bxe4 gxf3
16.Bg6 e5 17.Nb3 Be6 18.O-O-O Rac8 19.Kb1 Qf6 20.Ka1 Bf5 21.Bxf5 Qxf5 22.Qxf5 Rxf5
23.Na5 Rc7 24.e4 dxe4 25.Rge1 Rf4 26.Rd8+ Kf7 27.a3 Nd7 28.Nb3 Nf6 29.Nd2 Ke7
30.Ra8 b5 31.Kb1 Rd7 32.Kc2 Rh4 33.h3 Ke6 34.a4 bxa4 35.c4 Kf5 36.Kc3 Rxh3
37.c5 e3 38.Nc4 Ne4+ 39.Kb4 exf2 40.Rf1 Rd4 41.Rf8+ Kg6 42.Kb5 Rxc4 43.Kxc4 Nd2+
44.Kb4 Nxf1 45.c6 Ne3  0-1

[Event "BL2-N9394"]
[Site "Germany"]
[Date "1994.??.??"]
[Round "?"]
[White "Wesseln, Kai"]
[Black "Mattick, Lutz"]
[Result "1-0"]
[WhiteElo "2350"]
[BlackElo "2250"]

1.d4 Nf6 2.Bg5 e6 3.e4 h6 4.Bxf6 Qxf6 5.Nf3 d6 6.e5 Qd8 7.Bd3 c5 8.c3 cxd4
9.cxd4 dxe5 10.dxe5 Bb4+ 11.Nc3 Bd7 12.O-O Bxc3 13.bxc3 Bc6 14.Nd4 Qd5 15.Qg4 Qxe5
16.Rfe1 Qg5 17.Qh3 O-O 18.Re3 Rd8 19.Rae1 Nd7 20.f4 Qc5 21.Kh1 Nf6 22.f5 Qxc3
23.fxe6 Qxd4 24.exf7+ Kf8 25.Bg6 Be4 26.Bxe4 Nxe4 27.Qh4 Nf6 28.Re8+ Nxe8  1-0

[Event "BL2-O9394"]
[Site "Germany"]
[Date "1994.??.??"]
[Round "?"]
[White "Haubt, Georg"]
[Black "Gempe, Anet"]
[Result "1-0"]
[WhiteElo "2230"]
[BlackElo "2115"]

1.d4 Nf6 2.Bg5 e6 3.e4 Be7 4.Bxf6 Bxf6 5.e5 Be7 6.Qg4 O-O 7.Bd3 f5 8.exf6 Bxf6
9.Nf3 Nc6 10.Nc3 Nb4 11.O-O-O Nxd3+ 12.Rxd3 b6 13.Ne5 d6 14.f4 Qe8 15.Nf3 e5
16.f5 exd4 17.Ne4 Be5 18.Nh4 Qf7 19.Ng5 Qxa2 20.Ra3 Qd5 21.Nxh7 Kxh7 22.Ng6 Re8
23.Rh3+ Kg8 24.Rh8+ Kf7 25.Nxe5+ Rxe5 26.Qg6+ Ke7 27.Qe8+ Kf6 28.Rf8+ Kg5
29.Qg6+ Kf4 30.Qg3+  1-0

[Event "Giessen Feb-IM"]
[Site "Giessen"]
[Date "1994.??.??"]
[Round "4"]
[White "Tondivar, Babak"]
[Black "Roeberg, Frank"]
[Result "0-1"]
[WhiteElo "2345"]
[BlackElo "2310"]

1.d4 Nf6 2.Bg5 e6 3.e4 d6 4.Nf3 c6 5.Bd3 h6 6.Bxf6 Qxf6 7.Nbd2 e5 8.c3 Bg4
9.Qb3 b6 10.d5 c5 11.a4 Be7 12.a5 Bd8 13.axb6 Bxb6 14.Nc4 Nd7 15.Nxb6 Nxb6
16.Bb5+ Ke7 17.Nd2 Bd7 18.O-O Rhb8 19.Bxd7 Nxd7 20.Qc2 Nb6 21.Nb3 Kf8 22.Na5 Qg6
23.Nc6 Rb7 24.Qe2 Nd7 25.b4 cxb4 26.cxb4 Nf6 27.f3 Nh5 28.Ra2 Nf4 29.Qe3 h5
30.Kh1 h4 31.Rfa1 f5 32.Qf2 fxe4 33.fxe4 h3 34.g3 Qxe4+ 35.Kg1 Rf7 36.Qc2 Nd3
37.Ra3 Qe3+ 38.Kh1 e4 39.Qc3 Qf3+ 40.Kg1 Qg2+  0-1

[Event "Graz-ch"]
[Site "Graz"]
[Date "1994.??.??"]
[Round "1"]
[White "Peisser, Manfred"]
[Black "Schriebl, A."]
[Result "1-0"]
[WhiteElo "2085"]
[BlackElo "1835"]

1.d4 Nf6 2.Bg5 e6 3.Nf3 d5 4.Nbd2 Be7 5.e3 O-O 6.Bd3 c5 7.c3 c4 8.Bc2 b5
9.O-O Bb7 10.Ne5 Nbd7 11.f4 Nxe5 12.fxe5 Ne4 13.Bxe7 Qxe7 14.Nxe4 dxe4 15.Qg4 b4
16.Bxe4 bxc3 17.bxc3 Bxe4 18.Qxe4 Qa3 19.Qc2 Rab8 20.Rab1 Rb6 21.Rxb6 axb6
22.Rb1 Rb8 23.Rb4 b5 24.Qb2 Qxb2 25.Rxb2 f6 26.exf6 gxf6 27.e4 b4 28.Kf2 b3
29.axb3 Rxb3 30.Rc2 Kg7 31.Kf3 Kg6 32.Kf4 Rb1 33.Rf2 Rc1 34.Rf3 Rc2 35.Rg3+ Kf7
36.e5 Rf2+ 37.Kg4 f5+ 38.Kh3 Rf4 39.Rf3 Rg4 40.Re3 h5 41.Re2 Ke7 42.Ra2 Re4
43.Rf2 Kd7 44.Rf3 Kc6 45.Kg3 Kd5 46.Kf2 h4 47.Re3 Rg4 48.Kf3 Kc6 49.Re2 Rg7
50.Rb2 Rc7 51.Rb4 Kd5 52.Rb5+  1-0

[Event "Groningen op"]
[Site "Groningen"]
[Date "1994.??.??"]
[Round "2"]
[White "Beshukov, Sergei"]
[Black "Douven, Rudy C"]
[Result "1-0"]
[WhiteElo "2495"]
[BlackElo "2400"]

1.d4 Nf6 2.Bg5 e6 3.e4 h6 4.Bxf6 Qxf6 5.Nc3 d6 6.Qd2 g6 7.O-O-O Bg7 8.e5 Qe7
9.f4 O-O 10.h4 Nc6 11.Ne4 b6 12.Nf3 Bb7 13.Bd3 dxe5 14.fxe5 Nb4 15.h5 Nxd3+
16.Qxd3 Bxe4 17.Qxe4 g5 18.Nh2 c5 19.Ng4 Rad8 20.Rhf1 Rxd4 21.Rxd4 cxd4 22.Rf6 Qc5
23.Nxh6+ Bxh6 24.Rxh6 f5 25.Rg6+  1-0

[Event "Groningen op"]
[Site "Groningen"]
[Date "1994.??.??"]
[Round "2"]
[White "Tondivar, Babak"]
[Black "Berelovich, Aleksandar"]
[Result "1/2-1/2"]
[WhiteElo "2315"]
[BlackElo "2490"]

1.d4 Nf6 2.Bg5 e6 3.e4 h6 4.Bxf6 Qxf6 5.Nf3 d6 6.Nc3 Nd7 7.Qd2 c6 8.O-O-O e5
9.dxe5 dxe5 10.Nb5 Rb8 11.Nxa7 Qf4 12.Qxf4 exf4 13.Nxc8 Rxc8 14.Bc4 Rc7 15.e5 Nc5
16.Nd4 g6 17.Rhe1 Be7 18.e6 f5 19.Nf3 O-O 20.Ne5 Kg7 21.Nd7 Rd8 22.Nxc5 Rxd1+
23.Rxd1 Bxc5 24.f3 Kf6 25.Rd8 Be7 26.Rg8 b5 27.Bb3 c5 28.c4 b4 29.Ba4 Kxe6
30.Rxg6+ Bf6 31.Kc2 Kf7 32.Be8+ Ke7 33.Bb5 Kf7 34.Be8+ Ke7 35.Bb5  1/2-1/2

[Event "HUN-chT 9394"]
[Site "?"]
[Date "1994.??.??"]
[Round "?"]
[White "Brandics, Jozsef"]
[Black "Tornai, Imre"]
[Result "1-0"]
[WhiteElo "2280"]
[BlackElo "2245"]

1.d4 Nf6 2.Bg5 e6 3.e4 h6 4.Bxf6 Qxf6 5.e5 Qd8 6.f4 d6 7.Nf3 dxe5 8.Nxe5 Nd7
9.Nc3 Nxe5 10.fxe5 Bb4 11.Qg4 Qg5 12.Qxg5 hxg5 13.Kf2 Bxc3 14.bxc3 Bd7 15.Bd3 Bc6
16.Kg3 Ke7 17.Rhf1 Rh4 18.Rf2 Be4 19.Raf1 Rf8 20.h3 f5 21.exf6+ gxf6 22.Re2 Bxd3
23.cxd3 Kd6 24.Rfe1 Re8 25.Re4 Rxe4 26.dxe4 e5 27.Kg4 Ke6 28.d5+ Kf7 29.Rb1 b6
30.Rb4 Kg6 31.Rc4 Re7 32.Rc6 Rd7 33.c4 Rh7 34.g3 Rg7 35.a4 Rd7 36.h4 gxh4
37.gxh4 Rh7 38.a5 bxa5 39.c5 Rg7 40.h5+ Kh6+ 41.Kf5 Kxh5 42.d6 cxd6 43.cxd6 Rg1
44.d7 Rd1 45.Rc8 Rf1+ 46.Ke6 Rd1 47.d8=Q Rxd8 48.Rxd8 Kg5 49.Rd5  1-0

[Event "HUN-chT2 9394"]
[Site "?"]
[Date "1994.??.??"]
[Round "?"]
[White "Supolo, Jozsef"]
[Black "Kapu, Jeno"]
[Result "0-1"]
[WhiteElo "2230"]
[BlackElo "2250"]

1.d4 Nf6 2.Bg5 e6 3.e3 Be7 4.Bd3 d5 5.Nd2 Nbd7 6.Ngf3 b6 7.Ne5 Nxe5 8.dxe5 Nd7
9.Bxe7 Qxe7 10.f4 Bb7 11.Nf3 Qb4+ 12.Qd2 Qxb2 13.O-O Qa3 14.Nd4 Qe7 15.Qc3 c5
16.Nb5 O-O 17.Rad1 a6 18.Nd6 Bc6 19.Qe1 c4 20.Be2 Nc5 21.Qg3 f5 22.Bf3 b5
23.Qh3 Nb7 24.Nxb7 Bxb7 25.g4 Qa3 26.Rde1 Qxa2 27.gxf5 exf5 28.Rf2 Qa3 29.Rg2 Qe7
30.Kf2 Qe6 31.Reg1 Rf7 32.Rg5 Rd8 33.Bh5 Re7 34.Rxf5 Bc8 35.Bg4 Qg6 36.Qh4 Bxf5
37.Bxf5 Qxf5 38.Qxe7 Qxc2+ 39.Kf1 Qb1+ 40.Kg2 Qg6+ 41.Kf2 Re8 42.Qd7 Qf7
43.Qd6 Qe6 44.Qc7 g6 45.Rd1 Rc8 46.Qb7 c3 47.Rxd5 c2 48.Rd7 c1=Q  0-1

[Event "JUG-chT"]
[Site "Igalo"]
[Date "1994.??.??"]
[Round "?"]
[White "Indjic, Dusan"]
[Black "Knezevic, Bojan"]
[Result "0-1"]
[WhiteElo "2365"]
[BlackElo "2385"]

1.d4 Nf6 2.Bg5 e6 3.Nf3 h6 4.Bxf6 Qxf6 5.e4 d6 6.c3 Nd7 7.Nbd2 e5 8.Bc4 g6
9.O-O Bg7 10.dxe5 dxe5 11.Qe2 O-O 12.Rfd1 Qe7 13.b4 Kh8 14.Bd3 f5 15.g3 f4
16.Nh4 Kh7 17.Ndf3 Bf6 18.Ng2 g5 19.g4 h5 20.h3 hxg4 21.hxg4 Rh8 22.Nd2 Kg7
23.f3 Nf8 24.Kf2 a5 25.a3 Qe6 26.Nf1 Rh3 27.Ke1 Qc6 28.Kd2 Be6 29.Qf2 Rd8
30.Kc2 Qa4+ 31.Kc1 Qb3 32.Bc2 Qxc3  0-1

[Event "Jakarta"]
[Site "Jakarta"]
[Date "1994.??.??"]
[Round "3"]
[White "Ye Rongguang"]
[Black "Ye Jiangchuan"]
[Result "0-1"]
[WhiteElo "2500"]
[BlackElo "2555"]

1.d4 Nf6 2.Bg5 e6 3.Nf3 c5 4.e3 Be7 5.Nbd2 Nc6 6.c3 cxd4 7.exd4 O-O 8.Bd3 b6
9.O-O Bb7 10.Re1 h6 11.Bxf6 Bxf6 12.Ne4 Be7 13.Bb1 d5 14.Ng3 Bc8 15.Nh5 g6
16.Qd3 Bd6 17.Qd2 Kh7 18.Ne5 Qh4 19.Nf4 Bxe5 20.dxe5 Qg5 21.Qe3 Bb7 22.g3 Rad8
23.h4 Qg4 24.h5 Kg7 25.Qd3 d4 26.Kh2 dxc3 27.Qxc3 Nd4 28.Be4 g5 29.Bxb7 gxf4
30.Rad1 Rd7 31.Kg2 Rfd8 32.Be4 f3+ 33.Bxf3 Qxf3+  0-1

[Event "JUG-chT2"]
[Site "?"]
[Date "1994.??.??"]
[Round "2"]
[White "Ljubisavljevic, Zivojin Z"]
[Black "Jovanovic, Nenad"]
[Result "1-0"]
[WhiteElo "2275"]
[BlackElo "2325"]

1.d4 Nf6 2.Bg5 e6 3.Nd2 d5 4.e3 Be7 5.Bd3 b6 6.c3 Bb7 7.Bxf6 Bxf6 8.f4 Qc8
9.Ne2 Ba6 10.Bxa6 Qxa6 11.O-O Nd7 12.e4 dxe4 13.Nxe4 Qb7 14.N2g3 g6 15.Nxf6+ Nxf6
16.Qa4+ c6 17.Rae1 O-O-O 18.Ne4 Nxe4 19.Rxe4 c5 20.dxc5 bxc5 21.Rc4 Rd5 22.b4 Kb8
23.bxc5 Ka8 24.Rb4 Qc7 25.c6 Rb8 26.Rfb1 Rxb4 27.Qxb4 Rd6 28.Qb7+ Qxb7 29.Rxb7 Rxc6
30.Rxf7 Rxc3 31.Rxh7 Rc1+ 32.Kf2 Rc2+ 33.Kf3 Rxa2 34.Rg7 a5 35.Rxg6 Kb7 36.Rxe6 a4
37.h4 Rb2 38.h5 a3 39.Re1  1-0

[Event "JUG-chT"]
[Site "JUG"]
[Date "1994.??.??"]
[Round "2"]
[White "Miladinovic, Igor"]
[Black "Marcetic, Nikola"]
[Result "1-0"]
[WhiteElo "2480"]
[BlackElo "2305"]

1.d4 Nf6 2.Bg5 e6 3.Nf3 Be7 4.e3 d5 5.c4 O-O 6.Nc3 h6 7.Bh4 b6 8.cxd5 exd5
9.Qc2 Be6 10.Rd1 Nbd7 11.Ba6 c5 12.Bg3 cxd4 13.exd4 Ne4 14.Bb7 Nxg3 15.hxg3 Rb8
16.Bxd5 Bxd5 17.Nxd5 Bb4+ 18.Kf1 Bd6 19.g4 Qc8 20.Qd3 Qc6 21.Ne3 Bf4 22.Nf5 Rfe8
23.g5 Qe4 24.Qxe4 Rxe4 25.gxh6 Bxh6 26.Nxh6+ gxh6 27.Rxh6 Rc8 28.Rd6 Nf8
29.g3 Ne6 30.d5 Nc5 31.Rc6 Rxc6 32.dxc6 Ne6 33.Rd8+ Kg7 34.Rd7 Kf6 35.Rxa7  1-0

[Event "Jyvaskyla op"]
[Site "Jyvaskyla"]
[Date "1994.??.??"]
[Round "5"]
[White "Karner, Hillar"]
[Black "Paasikangas, Johanna"]
[Result "0-1"]
[WhiteElo "2315"]
[BlackElo "2155"]

1.d4 Nf6 2.Bg5 e6 3.c3 d5 4.Nd2 Be7 5.e3 Nbd7 6.Ngf3 h6 7.Bh4 c5 8.Bd3 b6
9.O-O Bb7 10.Qb1 O-O 11.h3 Qc7 12.Bg3 Bd6 13.Bxd6 Qxd6 14.b4 a5 15.bxc5 bxc5
16.Rd1 Rab8 17.Qc2 e5 18.dxe5 Nxe5 19.Be2 Nc6 20.Rab1 Qe7 21.Bb5 Nd7 22.Qf5 Nde5
23.Bxc6 Nxc6 24.Qf4 Rfd8 25.Nf1 Rd7 26.Ng3 Rbd8 27.Rd2 f6 28.Nf5 Qe4 29.Qxe4 dxe4
30.Rxd7 Rxd7 31.Nd2 Rxd2 32.Rxb7 Rxa2 33.Rxg7+ Kf8 34.Rc7 Ne5 35.Rxc5 a4
36.Ra5 a3 37.Nd6 Ra1+ 38.Kh2 a2 39.Nxe4 Nd3 40.Nd2 Nxf2 41.Kg3 Nd1 42.Ra3 Nxc3
43.Rxc3 Rb1 44.Ra3 a1=Q 45.Rxa1 Rxa1 46.Nf3 Ra2 47.Nh4 Kf7 48.Kf3 Ke6 49.Ng6 Kf5
50.Nf4 Ra1 51.g3 Ra2 52.h4 Ra3 53.g4+ Ke5 54.Ng6+ Kd6 55.Nf4 f5 56.g5 hxg5
57.hxg5 Ke5 58.Nh5 Ra6 59.Nf4 Ra1 60.Ne2 Rh1 61.Ng3 Rh4 62.g6 Rg4 63.e4 Rf4+
64.Ke3 fxe4 65.g7 Rf3+  0-1

[Event "JUG-ch sf"]
[Site "Kladovo"]
[Date "1994.??.??"]
[Round "?"]
[White "Stojanovic, Mihajlo"]
[Black "Svicevic, Rastko"]
[Result "1-0"]
[WhiteElo "2300"]
[BlackElo "2270"]

1.d4 Nf6 2.Bg5 e6 3.Nf3 c5 4.Nbd2 cxd4 5.Nxd4 Nc6 6.e3 Be7 7.Be2 O-O 8.O-O d5
9.c4 Nxd4 10.exd4 b6 11.Rc1 Ba6 12.Qa4 Bxc4 13.Nxc4 dxc4 14.Rxc4 Nd5 15.Bxe7 Qxe7
16.Bf3 Qe8 17.Qa6 Qd7 18.Rfc1 h6 19.h3 Rfd8 20.a3 Rab8 21.Bxd5 Qxd5 22.Qxa7 Ra8
23.Qe7 Rd7 24.Qb4 Kh7 25.Qc3 Rad8 26.Rb4 Qa5 27.Qd3+ g6 28.Qe4 Qg5 29.Qe3 Qe7
30.Rc6 Qf6 31.Rcxb6 Rxd4 32.Rxd4 Rxd4 33.Rb7 Kg7 34.b4 Rd1+ 35.Kh2 Qf5 36.a4 Rd3
37.Rb5 Rd5 38.Rxd5 Qxd5 39.Qc5 Qe4 40.a5 h5 41.b5 h4 42.b6 Qf4+ 43.Kg1  1-0

[Event "Las Vegas op"]
[Site "Las Vegas"]
[Date "1994.??.??"]
[Round "?"]
[White "Watson, John L"]
[Black "Yermolinsky, Alex"]
[Result "1/2-1/2"]
[WhiteElo "2395"]
[BlackElo "2620"]

1.d4 Nf6 2.Bg5 e6 3.e4 h6 4.Bxf6 Qxf6 5.Nc3 d6 6.Qd2 g5 7.Bb5+ c6 8.Ba4 Bg7
9.Nge2 O-O 10.O-O b5 11.Bb3 a5 12.a4 b4 13.Nd1 Ba6 14.c3 Nd7 15.Ne3 bxc3
16.bxc3 Rfb8 17.Ba2 Ra7 18.Rab1 Rxb1 19.Rxb1 d5 20.e5 Qd8 21.c4 dxc4 22.Rd1 c5
23.Bxc4 Bxc4 24.Nxc4 cxd4 25.Qxd4 Qc7 26.Nc3 Ra8 27.Nb5 Qc5 28.Qe4 Rc8 29.Nxa5 Nxe5
30.h4 f5 31.Qe2 Qc2 32.Qxc2 Rxc2 33.hxg5 hxg5 34.Nd4 Ra2 35.Nxe6 Rxa4 36.Nxg7 Kxg7
37.Nb3  1/2-1/2

[Event "Liechtenstein op"]
[Site "Liechtenstein"]
[Date "1994.??.??"]
[Round "3"]
[White "Landenbergue, Claude"]
[Black "Habibi, Ali"]
[Result "1-0"]
[WhiteElo "2390"]
[BlackElo "2265"]

1.d4 Nf6 2.Bg5 e6 3.e4 d6 4.Nf3 Be7 5.Bd3 c5 6.c3 cxd4 7.cxd4 Nc6 8.Nc3 a6
9.O-O d5 10.e5 Nd7 11.Bxe7 Qxe7 12.a3 O-O 13.Rc1 f5 14.exf6 Rxf6 15.Re1 Qd6
16.Bb1 Rh6 17.Qd2 b5 18.Qe3 Nb6 19.Bd3 Bd7 20.Ne5 Rf8 21.Ne2 Nc4 22.Bxc4 bxc4
23.f4 Rb8 24.Rc2 Rb3 25.Nc3 Rf6 26.Rf2 Ne7 27.g4 h5 28.h3 hxg4 29.hxg4 Rh6
30.Ree2 Be8 31.Nf3 Ng6 32.Ng5 Nf8 33.Rh2 Bg6 34.Nf3 Rxh2 35.Rxh2 Qb6 36.Qf2 Be4
37.Ng5 Rxc3 38.bxc3 Qb1+ 39.Qf1 Qd3 40.Qxd3 cxd3 41.Kf2 Nd7 42.Nxe4 dxe4
43.Ke3 Nf6 44.Rg2  1-0

[Event "London op"]
[Site "London"]
[Date "1994.??.??"]
[Round "6"]
[White "Dunworth, Christopher"]
[Black "Britton, Richard"]
[Result "1-0"]
[WhiteElo "2245"]
[BlackElo "2300"]

1.d4 Nf6 2.Bg5 e6 3.e4 h6 4.Bxf6 Qxf6 5.Nc3 d6 6.Nf3 g5 7.Qd2 Bg7 8.O-O-O Nc6
9.Bb5 a6 10.Bxc6+ bxc6 11.h3 Bd7 12.e5 Qg6 13.Rhe1 f5 14.exd6 cxd6 15.d5 Rd8
16.dxe6 Bxe6 17.Qe2 Kf7 18.Qxa6 Bxc3 19.bxc3 Bd7 20.Qc4+ Kf8 21.Qd4  1-0

[Event "Mar del Plata op"]
[Site "Mar del Plata"]
[Date "1994.??.??"]
[Round "1"]
[White "Disconzi da Silva, Rodrigo"]
[Black "Valle, Adriano"]
[Result "1-0"]
[WhiteElo "2360"]
[BlackElo "2220"]

1.d4 Nf6 2.Bg5 e6 3.e4 Be7 4.Bd3 d5 5.e5 Nfd7 6.Bxe7 Qxe7 7.c3 c5 8.Ne2 Nc6
9.O-O O-O 10.Nd2 Re8 11.f4 f5 12.exf6 Nxf6 13.Nf3 Bd7 14.a3 a6 15.Qd2 b5
16.b4 cxd4 17.cxd4 Rec8 18.Rfc1 Nd8 19.Rxc8 Rxc8 20.Rc1 Qd6 21.Rxc8 Bxc8
22.Nc1 Nd7 23.Nb3 Nb6 24.Ne5 Nc4 25.Qc2 h6 26.Bh7+ Kh8 27.Bg6 Qf8 28.g3 Nb7
29.Bh5 Qf5 30.Qd1 Nbd6 31.Nc5 Nxe5 32.dxe5 Nc4 33.Be2 Nxa3 34.Bd3 Qf7 35.Qg4 Nc4
36.Bg6 Qe7 37.Qh5 Kg8 38.Bd3 Qf7 39.Qh4 Qf8 40.g4 Qxf4 41.Qd8+ Kf7 42.Qc7+  1-0

[Event "Mar del Plata op"]
[Site "Mar del Plata"]
[Date "1994.??.??"]
[Round "9"]
[White "Fiorito, Fabian"]
[Black "Szmetan, Jorge"]
[Result "1/2-1/2"]
[WhiteElo "2455"]
[BlackElo "2405"]

1.d4 Nf6 2.Bg5 e6 3.Nf3 c5 4.e3 Be7 5.Nbd2 b6 6.c3 O-O 7.Bd3 cxd4 8.exd4 Nd5
9.Bxe7 Qxe7 10.O-O Nf4 11.Be4 d5 12.Bc2 Ba6 13.Re1 Bd3 14.Bb3 Qd6 15.Ne5 Bg6
16.Nxg6 Nxg6 17.Bc2 Nd7 18.Nf3 Rfe8 19.Qd3 b5 20.a3 a5 21.h4 b4 22.h5 Ngf8
23.axb4 axb4 24.c4 dxc4 25.Qxc4 Nf6 26.h6 gxh6 27.Ne5 Ng6 28.Rad1 Kg7 29.Bb3 Nd5
30.Qe2 Rad8 31.g3 Nf6 32.Qf3 Qb6 33.Qe3 h5 34.Kg2 Qb7+ 35.f3 h4 36.Rh1 Nd5
37.Qd2 f6 38.Nxg6 hxg6 39.Rxh4 Rh8 40.Rdh1 Rxh4 41.Rxh4 g5 42.Re4 Kf7 43.Qd3 Rh8
44.Re1 g4 45.Qe4 gxf3+ 46.Kxf3 Qc6 47.Kg2 f5 48.Bxd5 Qxd5 49.Qxd5 exd5 50.Re5 Rc8
51.Rxf5+ Kg6 52.Rf2 Kg5 53.Kf3 Re8 54.Re2 Rf8+ 55.Ke3 Kg4 56.Rf2 Rc8 57.Kd3 b3
58.Rf7 Rc2 59.Rd7 Rxb2 60.Rxd5 Kxg3 61.Kc3 Rb1 62.Rb5 Kf4 63.Rxb3 Rc1+ 64.Kd2 Ra1
65.Rd3 Ke4  1/2-1/2

[Event "Mestres"]
[Site "Mestres"]
[Date "1994.??.??"]
[Round "4"]
[White "Rocha, Sergio"]
[Black "Ribeiro, Fernando"]
[Result "1-0"]
[WhiteElo "2355"]
[BlackElo "2220"]

1.d4 Nf6 2.Bg5 e6 3.e4 h6 4.Bxf6 Qxf6 5.Nc3 d6 6.Nf3 Qd8 7.Bd3 Be7 8.Qe2 c6
9.h4 b5 10.e5 d5 11.Rh3 Nd7 12.Qe3 a6 13.Ne2 c5 14.c3 c4 15.Bc2 Bf8 16.h5 Bb7
17.Qf4 Bc6 18.Rg3 Qe7 19.Nh4 Nb8 20.Qg4 Qg5 21.Qh3 Qd8 22.f4 Bd7 23.Kf1 Qb6
24.f5 Nc6 25.fxe6 Bxe6 26.Bf5 Nd8 27.Nf4 Qc6 28.Kg1 a5 29.Rf1 Ra6 30.Qg4 b4
31.Rgf3 bxc3 32.bxc3 Be7 33.Bxe6 Nxe6 34.Nxe6 Qxe6 35.Qxg7 Rf8 36.Nf5 Rb6
37.Nxe7 Kxe7 38.Rf6 Ke8 39.Rxe6+ Rxe6 40.Rf6  1-0

[Event "Montevideo"]
[Site "Montevideo"]
[Date "1994.??.??"]
[Round "4"]
[White "Del Rey, Diego"]
[Black "Olazarri, Marcelo"]
[Result "1/2-1/2"]
[WhiteElo "2400"]
[BlackElo "2245"]

1.d4 Nf6 2.Bg5 e6 3.e4 h6 4.Bxf6 Qxf6 5.Nf3 b6 6.Bd3 Bb7 7.Nbd2 d6 8.Qe2 a5
9.O-O-O Nd7 10.Rhg1 g6 11.e5 Qe7 12.h4 d5 13.Kb1 c5 14.dxc5 bxc5 15.Bb5 a4
16.Ne4 Kd8 17.Nd6 Kc7 18.c4 d4 19.Nxb7 Kxb7 20.Qe4+ Kb8 21.Qc6 Ra7 22.Bxa4 Bg7
23.Rd3 Nxe5 24.Nxe5 Bxe5 25.Rb3+ Rb7 26.Qe4 Bd6 27.Bb5 f5 28.Qc2 Kc7 29.Ba6 Rxb3
30.Qxb3 Rb8 31.Bb5 Qxh4 32.g3 Qe4+ 33.Ka1 e5 34.Qd1 h5 35.Qd2 Qf3 36.a4 e4
37.Qh6 Rd8 38.Qg7+ Kb8 39.Qf6 Bc7 40.Qc6 Rd6 41.Qe8+  1/2-1/2